Trivia de Disney #6 (películas animadas) - Estadísticas

Estadísticas generales
  • Esta prueba ha sido intentada 157 veces
  • La puntuación promedio es 42 de 54
Estadísticas de respuestas
Pregunta Azulejo Select % Correcto
Villanos Bambi No
98%
Villanos Cruella de Vil
97%
Personajes que usan/tienen magia Hada Madrina
95%
Personajes que usan/tienen magia Piglet No
95%
Personajes que usan/tienen magia Príncipe Felipe No
95%
Películas musicales La Familia del Futuro No
94%
Personajes que usan/tienen magia Maléfica
94%
Villanos Maui No
93%
Paisajes de películas Disney
92%
Personajes que usan/tienen magia Elsa
91%
Personajes que usan/tienen magia Wilbur Robinson No
91%
Paisajes de películas Disney No
90%
Paisajes de películas Disney No
90%
Películas musicales Aladdín
90%
Princesas por matrimonio Ana No
90%
Princesas por matrimonio Cenicienta
90%
Paisajes de películas Disney
89%
Películas musicales El Rey León
89%
Villanos Milo Thatch No
89%
Paisajes de películas Disney No
88%
Películas hechas en los 90's Bolt No
88%
Películas musicales La Espada en la Piedra No
88%
Personajes que usan/tienen magia Merlin
88%
Princesas por matrimonio Raya No
88%
Villanos Megara No
87%
Películas musicales Raya No
87%
Paisajes de películas Disney
86%
Paisajes de películas Disney No
85%
Películas musicales Hércules
84%
Princesas por matrimonio Bella
81%
Villanos Mittens No
81%
Películas musicales La Princesa y el Sapo
80%
Princesas por matrimonio Tiana
80%
Princesas por matrimonio Rapunzel No
79%
Personajes que usan/tienen magia Wendy Darling No
78%
Paisajes de películas Disney
74%
Películas hechas en los 90's Policías y Ratones No
74%
Villanos Lady Tremaine
72%
Princesas por matrimonio Aurora No
71%
Películas hechas en los 90's El Rey León
67%
Películas musicales Blancanieves
64%
Películas hechas en los 90's El extraño mundo de Jack No
63%
Películas hechas en los 90's La Bella Durmiente No
63%
Películas hechas en los 90's Aladdín
61%
Películas hechas en los 90's La Bella y la Bestia
61%
Princesas por matrimonio Ariel No
56%
Películas musicales Alicia en el País de las Maravillas No
54%
Películas hechas en los 90's Robin Hood No
51%
Personajes que usan/tienen magia Dr. Facilier
49%
Villanos Strómboli
49%
Princesas por matrimonio Blancanieves No
46%
Películas hechas en los 90's La Sirenita
44%
Paisajes de películas Disney
42%
Villanos John Silver
42%
No se encontraron pruebas coincidentes
Distribución de puntuación
Porcentaje de gente con cada puntuación
Porcentaje por número respondido
Historial de tus puntuaciones
No has intentado esta prueba.